Myth of Hindu origin (Record no. 171573)

MARC details
000 -LEADER
fixed length control field 00531nam a22001817a 4500
005 - DATE AND TIME OF LATEST TRANSACTION
control field 20200115145534.0
010 ## - LCCN (DPL NO)
LC control number ENG-127432
020 ## - INTERNATIONAL STANDARD BOOK NUMBER
International Standard Book Number 9788193357576
Terms of availability 625.00
035 ## - SYSTEM CONTROL NUMBER
System control number EN-110964
037 ## - SOURCE OF ACQUISITION
Source of stock number/acquisition DBAD/PUB
082 ## - DEWEY DECIMAL CLASSIFICATION NUMBER
Classification number 230
100 ## - MAIN ENTRY--PERSONAL NAME
Personal name Verma,Sameer
245 ## - TITLE STATEMENT
Title Myth of Hindu origin
Statement of responsibility, etc by Sameer Verma
260 ## - PUBLICATION, DISTRIBUTION, ETC. (IMPRINT)
Place of publication, distribution, etc New Delhi
Name of publisher, distributor, etc Pranjal book services
Date of publication, distribution, etc 2017
270 ## - ADDRESS
Address 1/11126,1st floor street no.10,Subhash Park,Shahdara
City Delhi
Postal code 110032
300 ## - PHYSICAL DESCRIPTION
Extent 152p.
Dimensions 22cm(hb)
942 ## - ADDED ENTRY ELEMENTS (KOHA)
Source of classification or shelving scheme Dewey Decimal Classification
Item type English Books
Classification part 230
Call number suffix VER
Holdings
Withdrawn status Lost status Not for loan Collection code Home library Current library Date acquired Source of acquisition Cost, normal purchase price Full call number Barcode Copy number Cost, replacement price Koha item type
      Non-fiction Sarojini Nagar Sarojini Nagar 15/01/2020 DBAD/PUB 625.00 230 VER EN-110964 1 625.00 English Books

© Delhi Public Library
Hit Counter
free hit counter